<?xml version="1.0" encoding="UTF-8"?>
<record
    xmlns:xsi="http://www.w3.org/2001/XMLSchema-instance"
    xsi:schemaLocation="http://www.loc.gov/MARC21/slim http://www.loc.gov/standards/marcxml/schema/MARC21slim.xsd"
    xmlns="http://www.loc.gov/MARC21/slim">

  <leader>01364nam a22002777a 4500</leader>
  <controlfield tag="005">20170124103209.0</controlfield>
  <datafield tag="010" ind1=" " ind2=" ">
    <subfield code="a">674585</subfield>
  </datafield>
  <datafield tag="020" ind1=" " ind2=" ">
    <subfield code="c">40.00</subfield>
  </datafield>
  <datafield tag="035" ind1=" " ind2=" ">
    <subfield code="a">674585</subfield>
  </datafield>
  <datafield tag="037" ind1=" " ind2=" ">
    <subfield code="b">Cen Lib/Ret</subfield>
  </datafield>
  <datafield tag="040" ind1=" " ind2=" ">
    <subfield code="a">DPL</subfield>
    <subfield code="b">HN</subfield>
  </datafield>
  <datafield tag="082" ind1=" " ind2=" ">
    <subfield code="a">821</subfield>
    <subfield code="b">&#x915;&#x93E;&#x932;&#x947;&#x932; </subfield>
  </datafield>
  <datafield tag="100" ind1=" " ind2=" ">
    <subfield code="a">&#x915;&#x93E;&#x932;&#x947;&#x932;&#x915;&#x930;, &#x906;&#x91A;&#x93E;&#x930;&#x94D;&#x92F; &#x915;&#x93E;&#x915;&#x93E;&#x938;&#x93E;&#x939;&#x92C; </subfield>
    <subfield code="9">95760</subfield>
  </datafield>
  <datafield tag="245" ind1=" " ind2=" ">
    <subfield code="a">&#x917;&#x941;&#x91C;&#x930;&#x93E;&#x924; &#x915;&#x947; &#x938;&#x902;&#x924;&#x94B;&#x902; &#x915;&#x940; &#x939;&#x93F;&#x928;&#x94D;&#x926;&#x940; &#x935;&#x93E;&#x923;&#x940; /</subfield>
    <subfield code="c">&#x906;&#x91A;&#x93E;&#x930;&#x94D;&#x92F; &#x915;&#x93E;&#x915;&#x93E;&#x938;&#x93E;&#x939;&#x92C; &#x915;&#x93E;&#x932;&#x947;&#x932;&#x915;&#x930; ; &#x938;&#x902;&#x92A;&#x93E;&#x926;&#x915; &#x905;&#x92E;&#x94D;&#x92C;&#x93E;&#x936;&#x902;&#x915;&#x930; &#x928;&#x93E;&#x917;&#x930; </subfield>
  </datafield>
  <datafield tag="246" ind1=" " ind2=" ">
    <subfield code="a">Gujarat ke santon ki hindi vaani /</subfield>
    <subfield code="b">by Acharya Kakasaheb Kalelkar ; sampadak Ambashankar Nagar </subfield>
  </datafield>
  <datafield tag="260" ind1=" " ind2=" ">
    <subfield code="a">&#x905;&#x939;&#x92E;&#x926;&#x93E;&#x92C;&#x93E;&#x926; </subfield>
    <subfield code="b">&#x917;&#x941;&#x930;&#x94D;&#x91C;&#x930; &#x92D;&#x93E;&#x930;&#x924;&#x940; </subfield>
    <subfield code="c">1969</subfield>
  </datafield>
  <datafield tag="270" ind1=" " ind2=" ">
    <subfield code="a">&#x926;&#x942;&#x927;&#x93F;&#x92F;&#x93E; &#x92C;&#x93F;&#x932;&#x94D;&#x921;&#x93F;&#x902;&#x917;, &#x917;&#x93E;&#x902;&#x927;&#x940;&#x930;&#x94B;&#x921; </subfield>
    <subfield code="b">&#x905;&#x939;&#x92E;&#x926;&#x93E;&#x92C;&#x93E;&#x926; </subfield>
  </datafield>
  <datafield tag="300" ind1=" " ind2=" ">
    <subfield code="a">484&#x92A;&#x943;. </subfield>
    <subfield code="c">20&#x938;&#x947;&#x92E;&#x940;(&#x938;&#x91C;&#x93F;&#x932;&#x94D;&#x926;)</subfield>
  </datafield>
  <datafield tag="500" ind1=" " ind2=" ">
    <subfield code="a">&#x938;&#x902;&#x926;&#x930;&#x94D;&#x92D; &#x936;&#x93E;&#x92E;&#x93F;&#x932;</subfield>
  </datafield>
  <datafield tag="650" ind1=" " ind2=" ">
    <subfield code="a">&#x939;&#x93F;&#x928;&#x94D;&#x926;&#x940; -- &#x938;&#x93E;&#x939;&#x93F;&#x924;&#x94D;&#x92F; </subfield>
    <subfield code="9">95870</subfield>
  </datafield>
  <datafield tag="650" ind1=" " ind2=" ">
    <subfield code="a">&#x939;&#x93F;&#x928;&#x94D;&#x926;&#x940; -- &#x915;&#x93E;&#x935;&#x94D;&#x92F; -- &#x917;&#x941;&#x91C;&#x930;&#x93E;&#x924; </subfield>
    <subfield code="9">95871</subfield>
  </datafield>
  <datafield tag="650" ind1=" " ind2=" ">
    <subfield code="a">Hindi literature</subfield>
    <subfield code="9">95872</subfield>
  </datafield>
  <datafield tag="650" ind1=" " ind2=" ">
    <subfield code="a">Hindi - Poetry - Gujarat</subfield>
    <subfield code="9">95873</subfield>
  </datafield>
  <datafield tag="700" ind1=" " ind2=" ">
    <subfield code="a">&#x928;&#x93E;&#x917;&#x930;, &#x905;&#x92E;&#x94D;&#x92C;&#x93E;&#x936;&#x902;&#x915;&#x930; </subfield>
    <subfield code="9">42810</subfield>
  </datafield>
  <datafield tag="942" ind1=" " ind2=" ">
    <subfield code="2">ddc</subfield>
    <subfield code="c">HN</subfield>
    <subfield code="h">821</subfield>
    <subfield code="m">&#x915;&#x93E;&#x932;&#x947;&#x932; </subfield>
  </datafield>
  <datafield tag="999" ind1=" " ind2=" ">
    <subfield code="c">121237</subfield>
    <subfield code="d">121237</subfield>
  </datafield>
  <datafield tag="952" ind1=" " ind2=" ">
    <subfield code="0">0</subfield>
    <subfield code="1">0</subfield>
    <subfield code="4">0</subfield>
    <subfield code="7">0</subfield>
    <subfield code="a">L</subfield>
    <subfield code="b">L</subfield>
    <subfield code="d">2015-10-05</subfield>
    <subfield code="e">Cen Lib/Ret</subfield>
    <subfield code="g">40.00</subfield>
    <subfield code="l">0</subfield>
    <subfield code="o">821 &#x915;&#x93E;&#x932;&#x947;&#x932;</subfield>
    <subfield code="p">674585</subfield>
    <subfield code="r">2015-10-05 00:00:00</subfield>
    <subfield code="t">1</subfield>
    <subfield code="v">40.00</subfield>
    <subfield code="w">2015-10-05</subfield>
    <subfield code="y">HN</subfield>
  </datafield>
</record>
